000 00510nam a2200157Ia 4500
005 20250122051627.0
008 240331s9999 xx 000 0 und d
082 _bNAR
_a920
100 _aNarayan, J
245 0 _aPrison Diary 1975
250 _a2nd
260 _aBombay
_bPopular Prakashan
_c1977
300 _axii, 144 p ., ( 2nd copy)
500 _aMr. Jayaprakash Narayan's Prison Diary is a historic Document whose significance will outlive the circumstances in which it came to be written.
942 _cL
999 _c3449
_d3449